| 000 | 00882nam a2200265Ia 4500 | ||
|---|---|---|---|
| 003 | OSt | ||
| 005 | 20220927110800.0 | ||
| 006 | a|||||r|||| 00| 0 | ||
| 007 | ta | ||
| 008 | 220926b |||||||| |||| 00| 0 eng d | ||
| 024 | _a67377 | ||
| 037 | _cReports | ||
| 040 |
_aRTL _cRTL _beng |
||
| 041 |
_2eng _aeng |
||
| 082 | _a"X7275p1,N74, L6" | ||
| 110 |
_aSeminar On Foreign Investmenat And Tax Administration (Manila)(1974) _9380278 |
||
| 245 | 0 | _aReport of ESCAP seminar and country review upto 19 | |
| 260 |
_aBankok _bUnited Nations _c1976 |
||
| 300 |
_a82p _ccm. |
||
| 490 | _a"United Nations, Economic And Social Commission For Asia And The Pacific Publication" | ||
| 650 | _aInheritance | ||
| 700 |
_aSeminar On Foreign Investmenat And Tax Administration (Manila)(1974) _9380279 |
||
| 942 |
_h"X7275p1,N74, L6" _cCC |
||
| 999 |
_c697915 _d697915 |
||